|
|
|
|
| LEADER |
00000nab a2200000 a 4500 |
| 001 |
vtls000450149 |
| 003 |
SK-MaSNL |
| 005 |
20260426102538.0 |
| 008 |
160115c1992 xo 0 slo |
| 015 |
|
|
|a SNBRB19rr/mm-uuuuu
|
| 035 |
|
|
|a CL0450280
|
| 040 |
|
|
|a SNKBUCL
|b slo
|c SNKBUCL
|e AACR2
|
| 041 |
0 |
|
|a slo
|
| 044 |
|
|
|a xo
|c SK
|
| 080 |
|
|
|a 323(437)
|2 1981
|
| 100 |
1 |
|
|a Jurčišin, J.
|4 aut
|9 1204596
|
| 245 |
1 |
0 |
|a Vytrvalo i v daždi
|b Prezident V. Havel na východnom Slovensku
|c J. Jurčišin ; Václav Havel
|
| 500 |
|
|
|a V názve chýba označenie Národná obroda víkend.
|
| 600 |
1 |
7 |
|a Havel, Václav,
|d 1936-2011,
|2 snkbucl
|9 151003
|
| 650 |
0 |
7 |
|a vnútorná politika
|2 snkbucl
|9 970
|
| 651 |
|
7 |
|a Československo
|2 snkbucl
|9 21376
|
| 651 |
|
7 |
|a 5406
|2 snkbucl
|9 276477
|
| 651 |
|
7 |
|a 5407
|2 snkbucl
|9 893769
|
| 651 |
|
7 |
|a Slovensko východné
|2 snkbucl
|9 161134
|
| 655 |
|
7 |
|a články z novín a časopisov
|2 snkbucl
|9 267496
|
| 773 |
0 |
|
|t Národná obroda
|g Roč. 3, č. 125 (29. 5. 1992), s. 1-2
|
| 850 |
|
|
|a Slovenská národná knižnica v Martine
|a MTA001
|
| 852 |
|
|
|a SNK
|b KIS3GCP
|
| 958 |
|
|
|a RK
|
| 992 |
|
|
|a RBX
|
| 999 |
|
|
|c 3259242
|d 3261172
|